DC comics characters quiz - Statistics

General Stats
  • This quiz has been taken 572 times
  • The average score is 8 of 15
Answer Stats
Hint Answer % Correct
Kryptonian Superhero Superman
100%
Billionaire from Gotham City who fights crime by night Batman
99%
Amazonian Princess Wonder Woman
97%
#1s main human enemy Lex Luthor
75%
J'onn J'onzz Martian Manhunter
71%
King of Atlantis's first name Arthur
57%
#1s main enemy from Apokalips Darkseid
53%
Gorilla Villain Grodd
48%
Who is the wearer of the Helmet of Nabu? Dr. Fate
43%
Shayera Hol Hawkgirl
42%
Kryptonian Computer Brainiac
32%
Superboy's secret identity Conner Kent
24%
CADMUS director Amanda Waller
23%
Batman Beyond's secret identity Terry Mcginnis
21%
African-American Green Lantern John Stuart
10%
No matching quizzes found
Score Distribution
Percent of People with Each Score
Percentile by Number Answered
Your Score History
You have not taken this quiz